00688nam a2200217Ia 4500008004100000020001700041040001400058082002100072100002500093245004600118260005000164300001800214365002800232366000800260505002200268530003000290620003500320630004600355650002300401730004600424100315s9999 xx 000 0 und d a8172400039  cENGLISH  b10743 a382.6  a"Bhattacharyya, B. " aExport Marketing : Strategies for Success aNew Delhi bGlobal Business Press  c1991  a"xiii,261  " eRupees d1 b385.00  f0  gVaibhav Gaikwad  bDonated By RBI Library   a"Export Marketing, RBI Book " aExport Marketing : Strategies for Success aEXPORT MARKETING  aExport Marketing : Strategies for Success